Black Sabbath Songs - Statistics

General Stats
  • This quiz has been taken 68 times
  • The average score is 49 of 173
Answer Stats
Album Song % Correct
Black Sabbath (1970) Black Sabbath
98%
Paranoid (1970) Paranoid
98%
Paranoid (1970) War Pigs
92%
Dehumanizer (1992) I
90%
Paranoid (1970) Iron Man
86%
Master of Reality (1971) Children of the Grave
84%
Sabbath Bloody Sabbath (1973) Sabbath Bloody Sabbath
82%
Paranoid (1970) Fairies Wear Boots
78%
Black Sabbath (1970) N.I.B.
76%
Black Sabbath (1970) The Wizard
76%
Heaven and Hell (1980) Heaven and Hell
73%
Paranoid (1970) Planet Caravan
73%
Master of Reality (1971) Sweet Leaf
73%
Paranoid (1970) Electric Funeral
67%
Vol. 4 (1972) Snowblind
67%
Paranoid (1970) Hand of Doom
63%
Never Say Die! (1978) Never Say Die
61%
Black Sabbath (1970) Wicked World
61%
Black Sabbath (1970) Evil Woman
59%
Paranoid (1970) Rat Salad
59%
Mob Rules (1981) The Mob Rules
59%
Vol. 4 (1972) Supernaut
55%
Sabotage (1975) Symptom of the Universe
55%
Black Sabbath (1970) Behind the Wall of Sleep
53%
Born Again (1983) Born Again
53%
13 (2013) God Is Dead?
53%
Black Sabbath (1970) Sleeping Village
53%
Sabbath Bloody Sabbath (1973) A National Acrobat
51%
Master of Reality (1971) Into the Void
51%
Vol. 4 (1972) Changes
49%
Headless Cross (1989) Headless Cross
49%
Seventh Star (1986) Seventh Star
49%
Black Sabbath (1970) Warning
49%
Heaven and Hell (1980) Children of the Sea
47%
Vol. 4 (1972) FX
47%
Master of Reality (1971) Lord of This World
47%
Sabbath Bloody Sabbath (1973) Sabbra Cadabra
47%
Vol. 4 (1972) Tomorrow's Dream
47%
Vol. 4 (1972) Under the Sun
47%
Vol. 4 (1972) Wheels of Confusion
47%
Master of Reality (1971) After Forever
45%
Master of Reality (1971) Embryo
45%
Heaven and Hell (1980) Neon Knights
45%
Master of Reality (1971) Solitude
45%
Technical Ecstasy (1976) Dirty Women
43%
Sabotage (1975) Hole in the Sky
43%
Master of Reality (1971) Orchid
43%
Sabbath Bloody Sabbath (1973) Spiral Architect
43%
Sabbath Bloody Sabbath (1973) Killing Yourself to Live
41%
Sabbath Bloody Sabbath (1973) Fluff
39%
Forbidden (1995) Forbidden
39%
Sabotage (1975) Megalomania
39%
Vol. 4 (1972) Laguna Sunrise
37%
Sabbath Bloody Sabbath (1973) Who Are You?
37%
Vol. 4 (1972) Cornucopia
35%
Sabotage (1975) The Writ
35%
Sabotage (1975) Am I Going Insane (Radio)
33%
Heaven and Hell (1980) Die Young
33%
Heaven and Hell (1980) Lady Evil
33%
The Eternal Idol (1987) Eternal Idol
31%
Vol. 4 (1972) St. Vitus' Dance
31%
Never Say Die! (1978) Johnny Blade
29%
Mob Rules (1981) The Sign of the Southern Cross
29%
Mob Rules (1981) Voodoo
29%
Never Say Die! (1978) A Hard Road
27%
Sabbath Bloody Sabbath (1973) Looking for Today
27%
Sabotage (1975) The Thrill of It All
27%
Born Again (1983) Trashed
27%
Technical Ecstasy (1976) Back Street Kids
25%
Born Again (1983) Disturbing the Priest
25%
Sabotage (1975) Supertzar
25%
Mob Rules (1981) Country Girl
24%
Sabotage (1975) Don't Start (Too Late)
24%
13 (2013) End of the Beginning
24%
Never Say Die! (1978) Junior's Eyes
24%
Technical Ecstasy (1976) Rock 'N' Roll Doctor
24%
Never Say Die! (1978) Swinging the Chain
24%
Technical Ecstasy (1976) You Won't Change Me
24%
13 (2013) Zeitgeist
24%
Born Again (1983) Zero the Hero
24%
Never Say Die! (1978) Air Dance
22%
Technical Ecstasy (1976) All Moving Parts (Stand Still)
22%
Technical Ecstasy (1976) Gypsy
22%
Heaven and Hell (1980) Lonely Is the Word
22%
Born Again (1983) Stonehenge
22%
The Eternal Idol (1987) The Shining
22%
Mob Rules (1981) Turn Up the Night
22%
Dehumanizer (1992) TV Crimes
22%
Heaven and Hell (1980) Wishing Well
22%
Dehumanizer (1992) Computer God
20%
13 (2013) Dear Father
20%
Mob Rules (1981) Falling Off the Edge of the World
20%
Technical Ecstasy (1976) It's Alright
20%
Technical Ecstasy (1976) She's Gone
20%
Never Say Die! (1978) Breakout
18%
Born Again (1983) Keep It Warm
18%
13 (2013) Loner
18%
Tyr (1990) The Sabbath Stones
18%
Dehumanizer (1992) Time Machine
18%
Born Again (1983) Digital Bitch
16%
Mob Rules (1981) E5150
16%
Dehumanizer (1992) Master of Insanity
16%
13 (2013) Methademic
16%
Mob Rules (1981) Over and Over
16%
Born Again (1983) The Dark
16%
Heaven and Hell (1980) Walk Away
16%
13 (2013) Age of Reason
14%
Tyr (1990) Anno Mundi
14%
Headless Cross (1989) Devil & Daughter
14%
Born Again (1983) Hot Line
14%
13 (2013) Live Forever
14%
Headless Cross (1989) Nightwing
14%
Never Say Die! (1978) Shock Wave
14%
Dehumanizer (1992) Sins of the Father
14%
Mob Rules (1981) Slipping Away
14%
Headless Cross (1989) When Death Calls
14%
Dehumanizer (1992) After All (The Dead)
12%
The Eternal Idol (1987) Ancient Warrior
12%
Headless Cross (1989) Black Moon
12%
The Eternal Idol (1987) Born to Lose
12%
13 (2013) Damaged Soul
12%
Seventh Star (1986) Danger Zone
12%
Seventh Star (1986) Heart Like a Wheel
12%
Dehumanizer (1992) Letters From Earth
12%
Seventh Star (1986) No Stranger to Love
12%
Tyr (1990) Odin's Court
12%
The Eternal Idol (1987) Scarlet Pimpernel
12%
Headless Cross (1989) The Gates of Hell
12%
Dehumanizer (1992) Too Late
12%
Seventh Star (1986) Turn to Stone
12%
Tyr (1990) Valhalla
12%
Seventh Star (1986) Angry Heart
10%
Dehumanizer (1992) Buried Alive
10%
Headless Cross (1989) Call of the Wild
10%
Cross Purposes (1994) Evil Eye
10%
The Eternal Idol (1987) Glory Ride
10%
Seventh Star (1986) In Memory...
10%
Never Say Die! (1978) Over to You
10%
13 (2013) Pariah
10%
Tyr (1990) The Battle of Tyr
10%
Tyr (1990) The Law Maker
10%
Headless Cross (1989) Cloak and Dagger
8%
Tyr (1990) Feels Good to Me
8%
Forbidden (1995) Get a Grip
8%
Tyr (1990) Heaven in Black
8%
Seventh Star (1986) In for the Kill
8%
Cross Purposes (1994) I Witness
8%
Tyr (1990) Jerusalem
8%
Headless Cross (1989) Kill in the Spirit World
8%
Forbidden (1995) Kiss of Death
8%
The Eternal Idol (1987) Nightmare
8%
Forbidden (1995) Rusty Angels
8%
Seventh Star (1986) Sphinx (The Guardian)
8%
Forbidden (1995) The Illusion of Power
8%
Cross Purposes (1994) What's the Use?
8%
Cross Purposes (1994) Cross of Thorns
6%
The Eternal Idol (1987) Hard Life to Love
6%
13 (2013) Peace of Mind
6%
Cross Purposes (1994) Psychophobia
6%
Forbidden (1995) Sick and Tired
6%
Cross Purposes (1994) The Hand That Rocks the Cradle
6%
Cross Purposes (1994) Virtual Death
6%
Cross Purposes (1994) Back to Eden
4%
Forbidden (1995) Can't Get Close Enough
4%
Cross Purposes (1994) Cardinal Sin
4%
Cross Purposes (1994) Dying for Love
4%
Forbidden (1995) Guilty as Hell
4%
Forbidden (1995) I Won't Cry for You
4%
Forbidden (1995) Loser Gets It All
4%
The Eternal Idol (1987) Lost Forever
4%
13 (2013) Naïveté in Black
4%
Forbidden (1995) Shaking Off the Chains
4%
Cross Purposes (1994) Immaculate Deception
2%
No matching quizzes found
Score Distribution
Percent of People with Each Score
Percentile by Number Answered
Your Score History
You have not taken this quiz